Subnational Flags 4 - Statistics

General Stats
  • This quiz has been taken 133 times
  • The average score is 9 of 15
Answer Stats
Picture Hint Answer % Correct
United States Colorado
85%
China Macau
85%
United States Maryland
85%
Finland Aland
77%
United States Alabama
75%
Netherlands (Territory) Curacao
75%
Canada Nunavut
75%
United Arab Emirates Abu Dhabi
69%
Georgia Abkhazia
65%
United Kingdom (England) Cornwall
61%
Spain Aragon
52%
China Xinjiang
45%
Serbia Vojvodina
33%
Libya Cyrenaica
25%
Colombia Amazonas
21%
No matching quizzes found
Score Distribution
Percent of People with Each Score
Percentile by Number Answered
Your Score History
You have not taken this quiz